| 000 | 00883cam a2200289 i 4500 | ||
|---|---|---|---|
| 001 | 000014872 | ||
| 003 | DO-SdBNP | ||
| 005 | 20260429135248.0 | ||
| 007 | ta | ||
| 008 | 810601s1980 sp a b 000 0 spa | ||
| 015 | _aSp*** | ||
| 020 | _a8437602335 | ||
| 040 |
_aDO-SdBNP _bspa _cBNPHU _erda |
||
| 049 | _aBNGR | ||
| 082 | 4 |
_a801.92 _bF385f _222 |
|
| 100 | 1 |
_aFerreras, Juan Ignacio. _933693 _eautor |
|
| 245 | 1 | 0 |
_aFundamentos de sociología de la literatura / _cJuan Ignacio Ferreras. |
| 264 |
_aMadrid : _bCátedra, _c1980. |
||
| 300 |
_a142 páginas: _bilustraciones ; _c21 cm. |
||
| 336 |
_2rdacontent _atexto _btxt |
||
| 337 |
_2rdamedia _asin mediación _bn |
||
| 338 |
_2rdacarrier _avolumen _bnc |
||
| 504 | _aBibliografía : páginas 131-142 | ||
| 650 | 4 |
_aLiteratura _xAspectos sociales _933694 |
|
| 650 | 0 |
_aLiteratura _xHistoria y crítica _9835 |
|
| 942 |
_2ddc _cLBS1 |
||
| 999 |
_c14452 _d14452 |
||